Mistrzowie Polski - nagła śmierć - Statystyki

Ogólne statystyki
  • Ten quiz został rozwiązany 119 razy
  • Średni wynik to 12 z 20
Answers on the Grid
Answers color-coded by a green-red scale on the quiz's grid according to % correct below.
Legia Warszawa
Zawisza Bydgoszcz
Widzew Łódź
Cracovia
GKS Katowice
Odra Opole
Polonia Warszawa
Lech Poznań
Podbeskidzie Bielsko-Biała
Polonia Bytom
Amica Wronki
ŁKS Łódź
Stal Mielec
Zagłębie Lubin
Stomil Olsztyn
Śląsk Wrocław
Motor Lublin
Górnik Zabrze
Wisła Kraków
Stal Rzeszów
Raków Częstochowa
Jagiellonia Białystok
Piast Gliwice
Korona Kielce
Szombierki Bytom
Garbarnia Kraków
GKS Tychy
Pogoń Szczecin
Wisła Płock
Garbarnia Kraków
Lechia Gdańsk
Zagłębie Sosnowiec
Ruch Chorzów
Radomiak Radom
Warta Poznań
 
Statystyki odpowiedzi
Odpowiedź % Poprawnych
Legia Warszawa
99%
Lech Poznań
86%
Widzew Łódź
78%
Cracovia
74%
Raków Częstochowa
70%
Śląsk Wrocław
70%
Wisła Kraków
68%
Polonia Warszawa
64%
Górnik Zabrze
63%
Jagiellonia Białystok
62%
Ruch Chorzów
60%
ŁKS Łódź
58%
Piast Gliwice
56%
Zagłębie Lubin
56%
Polonia Bytom
46%
Szombierki Bytom
46%
Warta Poznań
43%
Stal Mielec
42%
Garbarnia Kraków
36%
Garbarnia Kraków
30%
Nie znaleziono quizów pasujących do podanych kryteriów
Rozkład punktacji
Procent ludzi z każdym wynikiem
Percentyl według liczby udzielonych odpowiedzi
Twoja historia wyników
Nie rozwiązałeś tego quizu